[Event "XXXIX Torneo di Capodanno"]
[Site "Reggio nell'Emilia ITA"]
[Date "1996.12.26"]
[Round "1"]
[White "Komarov, Dimitri"]
[Black "Belotti, Bruno"]
[Result "1/2-1/2"]
[WhiteElo "2595"]
[BlackElo "2400"]
[PlyCount "59"]
[EventDate "1996.12.26"]

1. d4 d6 2. Nf3 Bg4 3. c4 Nd7 4. Nc3 e5 5. g3 Bxf3 6. exf3 c6 7. Bh3 exd4 8.
Qxd4 Ne5 9. Qe3 Be7 10. O-O Nxc4 11. Qe2 d5 12. Re1 Kf8 13. b3 Nd6 14. Bf4 Bf6
15. Rac1 Ne7 16. Na4 b6 17. Qa6 Nb5 18. Qb7 g5 19. Rxe7 Bxe7 20. Be5 f6 21.
Qxc6 g4 22. Bxg4 h5 23. Bd7 fxe5 24. Qxb5 Rh6 25. Qxd5 Rd6 26. Qxe5 Rxd7 27.
Qh8+ Kf7 28. Qxh5+ Kg7 29. Qg4+ Kf8 30. Rc4 1/2-1/2

[Event "XXXIX Torneo di Capodanno"]
[Site "Reggio nell'Emilia ITA"]
[Date "1996.12.26"]
[Round "1"]
[White "Mantovani, Renzo"]
[Black "Krasenkow, Michal"]
[Result "0-1"]
[WhiteElo "2360"]
[BlackElo "2605"]
[PlyCount "48"]
[EventDate "1996.12.26"]

1. e4 g6 2. d4 Bg7 3. Nf3 d6 4. c3 Nd7 5. Bc4 e6 6. Bg5 Ne7 7. O-O h6 8. Be3
O-O 9. Nbd2 b6 10. Qc2 Bb7 11. Rfe1 Kh8 12. Nf1 f5 13. exf5 Nxf5 14. Bxe6 Bxf3
15. gxf3 Nh4 16. Nd2 g5 17. Kf1 c6 18. Ke2 Nf6 19. Kd1 d5 20. Bg4 Qd6 21. Rh1
c5 22. Qd3 Rae8 23. Kc2 c4 24. Qf1 Nxg4 0-1

[Event "XXXIX Torneo di Capodanno"]
[Site "Reggio nell'Emilia ITA"]
[Date "1996.12.26"]
[Round "1"]
[White "Romanishin, Oleg M."]
[Black "Godena, Michele"]
[Result "1-0"]
[WhiteElo "2555"]
[BlackElo "2550"]
[PlyCount "84"]
[EventDate "1996.12.26"]

1. d4 d5 2. Nf3 Nf6 3. c4 c6 4. Nc3 e6 5. g3 Be7 6. Bg2 O-O 7. O-O Nbd7 8. Bf4
dxc4 9. e4 Re8 10. a4 a5 11. Qc2 b6 12. Rfd1 Bb7 13. Nd2 Ba6 14. d5 cxd5 15.
exd5 e5 16. Bg5 h6 17. Bxf6 Nxf6 18. d6 Qxd6 19. Nde4 Qb8 20. Nxf6+ Bxf6 21.
Bxa8 Qxa8 22. Qe4 Qc8 23. Nd5 Bd8 24. Rac1 Qe6 25. h4 f5 26. Qe2 f4 27. Nxf4
exf4 28. Qxe6+ Rxe6 29. Rxd8+ Kh7 30. gxf4 Re4 31. Rd6 Bc8 32. Rxb6 Bd7 33. Ra6
Bxa4 34. Rxa5 Bd7 35. Rc5 Rxf4 36. R5xc4 Rf6 37. b4 Rg6+ 38. Kh2 Bb5 39. Rf4
Bc6 40. f3 Re6 41. Kg3 Bb7 42. Rc7 Bc6 1-0

[Event "XXXIX Torneo di Capodanno"]
[Site "Reggio nell'Emilia ITA"]
[Date "1996.12.27"]
[Round "2"]
[White "Krasenkow, Michal"]
[Black "Efimov, Igor"]
[Result "1-0"]
[WhiteElo "2605"]
[BlackElo "2510"]
[PlyCount "51"]
[EventDate "1996.12.26"]

1. d4 c6 2. c4 f5 3. Nc3 Nf6 4. Bg5 Ne4 5. Nxe4 fxe4 6. f3 d5 7. fxe4 dxe4 8.
Qd2 Bf5 9. e3 Nd7 10. Ne2 h6 11. Bh4 g5 12. Bg3 Bg7 13. h4 Nf6 14. hxg5 hxg5
15. Rxh8+ Bxh8 16. Be5 Qd7 17. Ng3 Bg6 18. Be2 O-O-O 19. Qa5 b6 20. Qa6+ Qb7
21. Qa3 Bg7 22. O-O-O Qd7 23. c5 b5 24. d5 cxd5 25. Qa5 a6 26. Bxb5 1-0

[Event "XXXIX Torneo di Capodanno"]
[Site "Reggio nell'Emilia ITA"]
[Date "1996.12.27"]
[Round "2"]
[White "Razuvaev, Yuri S."]
[Black "Tatai, Stefano"]
[Result "1-0"]
[WhiteElo "2560"]
[BlackElo "2375"]
[PlyCount "63"]
[EventDate "1996.12.26"]

1. c4 Nf6 2. Nc3 c5 3. Nf3 g6 4. d4 Bg7 5. e4 O-O 6. Be2 d6 7. O-O Na6 8. Re1
Re8 9. e5 Ng4 10. exd6 cxd4 11. dxe7 Qxe7 12. Bf1 Be6 13. Ne4 Qc7 14. Bg5 h6
15. Bd2 f5 16. Ng3 Rad8 17. Qc1 Kh7 18. Bf4 Qc5 19. h3 Nf6 20. Be5 d3 21. Qc3
Ne4 22. Nxe4 fxe4 23. Bxg7 exf3 24. Bf6 Rd7 25. Bxd3 Nb4 26. Be4 Qxc4 27. Qxc4
Bxc4 28. Bxf3 Rxe1+ 29. Rxe1 Bxa2 30. Re8 Bg8 31. Bg4 Rf7 32. Bc3 1-0

[Event "XXXIX Torneo di Capodanno"]
[Site "Reggio nell'Emilia ITA"]
[Date "1996.12.28"]
[Round "3"]
[White "Efimov, Igor"]
[Black "Komarov, Dimitri"]
[Result "1/2-1/2"]
[WhiteElo "2510"]
[BlackElo "2595"]
[PlyCount "120"]
[EventDate "1996.12.26"]

1. d4 Nf6 2. c4 e6 3. Nc3 Bb4 4. e3 O-O 5. Nge2 d5 6. a3 Be7 7. cxd5 Nxd5 8.
Nxd5 exd5 9. g3 a5 10. Bg2 c6 11. O-O Nd7 12. Qc2 Nf6 13. Bd2 Re8 14. f3 Bf8
15. Rae1 Qb6 16. Kh1 c5 17. Rc1 cxd4 18. Nxd4 Bd7 19. Rfe1 Rac8 20. Bc3 Qa7 21.
Qd2 a4 22. Bf1 Bc5 23. g4 Re7 24. Bd3 Ne8 25. Qf2 h6 26. Qh4 Rxe3 27. Rxe3 Bxd4
28. Re2 Bf6 29. Qe1 Bc6 30. Bxf6 Nxf6 31. Re7 Qb6 32. Qb4 Qd8 33. Bf5 d4 34.
Bxc8 Qxc8 35. Kg1 Nd5 36. Qd6 Nxe7 37. Qxe7 Qb8 38. Rd1 Qf4 39. Qd8+ Kh7 40.
Qxd4 Qxf3 41. Qd3+ Qxd3 42. Rxd3 Kg6 43. Kf2 h5 44. Kg3 hxg4 45. Kxg4 Kf6 46.
h4 Ke5 47. h5 f5+ 48. Kh4 f4 49. Rd8 f3 50. Rf8 Bd5 51. Kg3 Ke6 52. Rf4 Bc6 53.
Kf2 Ke7 54. Ke3 Ke6 55. Kf2 Ke7 56. Kg3 Ke6 57. Kg4 Ke5 58. Kg5 Be4 59. Kg4 Bc6
60. Kg3 Ke6 1/2-1/2

[Event "XXXIX Torneo di Capodanno"]
[Site "Reggio nell'Emilia ITA"]
[Date "1996.12.28"]
[Round "3"]
[White "Mantovani, Renzo"]
[Black "Belotti, Bruno"]
[Result "1/2-1/2"]
[WhiteElo "2360"]
[BlackElo "2400"]
[PlyCount "33"]
[EventDate "1996.12.26"]

1. d4 d5 2. c4 c6 3. Nf3 Nf6 4. cxd5 cxd5 5. Bf4 Nc6 6. e3 a6 7. Bd3 Bg4 8. Nc3
e6 9. h3 Bxf3 10. Qxf3 Be7 11. O-O O-O 12. Rfc1 Rc8 13. Qd1 Nd7 14. Qh5 Nf6 15.
Qd1 Nd7 16. Qh5 Nf6 17. Qd1 1/2-1/2

[Event "XXXIX Torneo di Capodanno"]
[Site "Reggio nell'Emilia ITA"]
[Date "1996.12.28"]
[Round "3"]
[White "Romanishin, Oleg M."]
[Black "Razuvaev, Yuri S."]
[Result "1/2-1/2"]
[WhiteElo "2555"]
[BlackElo "2560"]
[PlyCount "24"]
[EventDate "1996.12.26"]

1. d4 Nf6 2. Nf3 e6 3. g3 b5 4. Bg2 Bb7 5. Bg5 Be7 6. O-O a6 7. Nbd2 d6 8. c4
Nbd7 9. Qc2 c5 10. Rac1 O-O 11. Rfd1 Qb8 12. dxc5 Nxc5 1/2-1/2

[Event "XXXIX Torneo di Capodanno"]
[Site "Reggio nell'Emilia ITA"]
[Date "1996.12.28"]
[Round "3"]
[White "Tatai, Stefano"]
[Black "Krasenkow, Michal"]
[Result "0-1"]
[WhiteElo "2375"]
[BlackElo "2605"]
[PlyCount "46"]
[EventDate "1996.12.26"]

1. e4 g6 2. d4 Bg7 3. Nf3 d6 4. Nc3 Nf6 5. Be2 O-O 6. O-O c6 7. a4 a5 8. h3 Na6
9. Be3 Nb4 10. Nd2 d5 11. Bf3 dxe4 12. Ndxe4 Nxe4 13. Nxe4 f5 14. Ng5 e6 15. c3
f4 16. Bd2 Qxg5 17. cxb4 Bxd4 18. Bc3 Bxc3 19. bxc3 e5 20. Qb3+ Kg7 21. Kh2 e4
22. Bxe4 f3 23. Bxf3 Qe5+ 0-1

[Event "XXXIX Torneo di Capodanno"]
[Site "Reggio nell'Emilia ITA"]
[Date "1996.12.29"]
[Round "4"]
[White "Komarov, Dimitri"]
[Black "Tatai, Stefano"]
[Result "1-0"]
[WhiteElo "2595"]
[BlackElo "2375"]
[PlyCount "75"]
[EventDate "1996.12.26"]

1. Nf3 Nf6 2. d4 d5 3. c4 e6 4. Nc3 Nbd7 5. Bg5 Bb4 6. cxd5 exd5 7. Qc2 c5 8.
dxc5 Nxc5 9. a3 Bxc3+ 10. Qxc3 Nce4 11. Bxf6 Qxf6 12. Qxf6 Nxf6 13. Rc1 Bd7 14.
Nd4 Ke7 15. e3 Rhc8 16. Rxc8 Rxc8 17. Kd2 h5 18. f3 a6 19. Bd3 g6 20. Re1 Rc7
21. b3 Rc8 22. Bc2 Kd6 23. b4 Rc7 24. Bb3 Ke7 25. a4 Rc8 26. Ne2 a5 27. bxa5
Ra8 28. Kc3 Rxa5 29. Kb4 Ra8 30. Nc3 Bc6 31. Rd1 Rd8 32. h4 b6 33. Rd4 Ke6 34.
e4 Ke5 35. Ne2 Kd6 36. Bxd5 Bxd5 37. Nc3 Kc7 38. exd5 1-0

[Event "XXXIX Torneo di Capodanno"]
[Site "Reggio nell'Emilia ITA"]
[Date "1996.12.29"]
[Round "4"]
[White "Krasenkow, Michal"]
[Black "Romanishin, Oleg M."]
[Result "1/2-1/2"]
[WhiteElo "2605"]
[BlackElo "2555"]
[PlyCount "49"]
[EventDate "1996.12.26"]

1. Nf3 Nf6 2. c4 e6 3. d4 b6 4. Nc3 Bb7 5. Qc2 Bxf3 6. exf3 g6 7. a3 Bg7 8. d5
O-O 9. Bg5 exd5 10. cxd5 Qe8+ 11. Be2 c6 12. Bxf6 Bxf6 13. Rd1 Bxc3+ 14. Qxc3
cxd5 15. Rxd5 Nc6 16. Qd2 Rd8 17. O-O Ne7 18. Rd4 d5 19. Re1 Rd6 20. Bd1 Re6
21. Rf1 Qb5 22. Rb4 Qc5 23. Bc2 Rc8 24. Bb1 Qd6 25. Rd4 1/2-1/2

[Event "XXXIX Torneo di Capodanno"]
[Site "Reggio nell'Emilia ITA"]
[Date "1996.12.29"]
[Round "4"]
[White "Mantovani, Renzo"]
[Black "Efimov, Igor"]
[Result "0-1"]
[WhiteElo "2360"]
[BlackElo "2510"]
[PlyCount "94"]
[EventDate "1996.12.26"]

1. e4 c5 2. Nf3 Nc6 3. d4 cxd4 4. Nxd4 Qb6 5. Nb3 Nf6 6. Nc3 e6 7. Bd3 Be7 8.
O-O d6 9. Kh1 a6 10. f4 Qc7 11. Qf3 Rb8 12. Bd2 b5 13. a3 Bb7 14. Rae1 b4 15.
axb4 Nxb4 16. Nb5 axb5 17. Bxb4 O-O 18. Qh3 e5 19. fxe5 dxe5 20. Bxe7 Qxe7 21.
Nd4 Bc8 22. Qh4 Rb6 23. Nxb5 Rd8 24. Qf2 Qb7 25. Na3 Ng4 26. Qh4 Rf8 27. h3 Rh6
28. Qg3 Qxb2 29. Nc4 Qd4 30. Ne3 Nxe3 31. Qxe3 Qc3 32. Kh2 Qc7 33. Rf3 f5 34.
Qe2 f4 35. Bc4+ Kh8 36. Rb3 Rc6 37. Bd3 Rff6 38. Rf1 Rh6 39. Rb5 Rcg6 40. Rd5
Bxh3 41. gxh3 Rg3 42. Qg2 Rxg2+ 43. Kxg2 Rg6+ 44. Kh2 h5 45. Rg1 Qc6 46. Rxg6
Qxg6 47. Rxe5 f3 0-1

[Event "XXXIX Torneo di Capodanno"]
[Site "Reggio nell'Emilia ITA"]
[Date "1996.12.30"]
[Round "5"]
[White "Efimov, Igor"]
[Black "Belotti, Bruno"]
[Result "1/2-1/2"]
[WhiteElo "2510"]
[BlackElo "2400"]
[PlyCount "104"]
[EventDate "1996.12.26"]

1. d4 Nf6 2. Nf3 e6 3. c4 b6 4. e3 Bb7 5. Bd3 d5 6. Nc3 Nbd7 7. O-O dxc4 8.
Bxc4 a6 9. Re1 b5 10. Bf1 c5 11. a4 b4 12. Ne2 Qc7 13. Ng3 h5 14. Be2 h4 15.
Nf1 h3 16. g3 Qc6 17. N1d2 g5 18. e4 Nxe4 19. Nxe4 Qxe4 20. Bxg5 c4 21. d5 Bxd5
22. Rc1 c3 23. bxc3 Rg8 24. Qd4 bxc3 25. Qxe4 Bxe4 26. Rxc3 Bb4 27. Re3 Bxe1
28. Rxe4 Ba5 29. Rh4 Bd8 30. Bxd8 Kxd8 31. Rxh3 Ke7 32. Rh5 f5 33. Rh7+ Kd6 34.
Rh4 Rg4 35. Rh7 Rxa4 36. h4 Ra1+ 37. Kg2 Ra2 38. Bc4 Rc2 39. Bxe6 Nf6 40. Bxf5
Nxh7 41. Bxc2 Nf6 42. Kh3 a5 43. g4 a4 44. g5 a3 45. Bb3 Ne4 46. h5 a2 47. Bxa2
Rxa2 48. h6 Rxf2 49. Kg4 Rg2+ 50. Kf5 Ng3+ 51. Kg6 Ra2 52. h7 Ra8 1/2-1/2

[Event "XXXIX Torneo di Capodanno"]
[Site "Reggio nell'Emilia ITA"]
[Date "1996.12.30"]
[Round "5"]
[White "Godena, Michele"]
[Black "Krasenkow, Michal"]
[Result "1/2-1/2"]
[WhiteElo "2550"]
[BlackElo "2605"]
[PlyCount "46"]
[EventDate "1996.12.26"]

1. e4 e5 2. Nf3 Nc6 3. Bb5 a6 4. Bxc6 dxc6 5. O-O Qd6 6. Na3 Be6 7. Qe2 f6 8.
Rd1 c5 9. c3 Bg4 10. h3 Bxf3 11. Qxf3 Ne7 12. d4 cxd4 13. cxd4 exd4 14. Bf4 Qd7
15. Rac1 Nc6 16. Nc2 Rd8 17. Qb3 Qc8 18. Qc4 Bd6 19. Bxd6 Rxd6 20. Nb4 Qd7 21.
Nxc6 Rxc6 22. Qb4 Rb6 23. Qc4 Rc6 1/2-1/2

[Event "XXXIX Torneo di Capodanno"]
[Site "Reggio nell'Emilia ITA"]
[Date "1996.12.30"]
[Round "5"]
[White "Romanishin, Oleg M."]
[Black "Komarov, Dimitri"]
[Result "1/2-1/2"]
[WhiteElo "2555"]
[BlackElo "2595"]
[PlyCount "65"]
[EventDate "1996.12.26"]

1. Nf3 d5 2. d4 Nf6 3. c4 c6 4. Nc3 dxc4 5. a4 Bf5 6. e3 e6 7. Bxc4 Bb4 8. O-O
Nbd7 9. Bd2 a5 10. Ne2 Qb6 11. Ng3 Bxd2 12. Nxf5 exf5 13. Nxd2 O-O 14. Be2 f4
15. Nc4 Qc7 16. Bf3 Rfe8 17. Qb3 Nf8 18. Qb6 Qxb6 19. Nxb6 Ra6 20. Nc4 Ne6 21.
Ra3 Re7 22. Rb3 Ra7 23. Nd6 Rc7 24. Rd1 fxe3 25. fxe3 Ng5 26. Be2 Nge4 27. Nc4
Kf8 28. Bd3 Re7 29. Rf1 g6 30. Ra3 Kg7 31. Raa1 Ne8 32. Nb6 N8d6 33. Rfe1
1/2-1/2

[Event "XXXIX Torneo di Capodanno"]
[Site "Reggio nell'Emilia ITA"]
[Date "1996.12.31"]
[Round "6"]
[White "Efimov, Igor"]
[Black "Tatai, Stefano"]
[Result "1-0"]
[WhiteElo "2510"]
[BlackElo "2375"]
[PlyCount "85"]
[EventDate "1996.12.26"]

1. d4 Nf6 2. Nf3 g6 3. c4 c5 4. d5 Bg7 5. Nc3 O-O 6. e4 d6 7. h3 e6 8. Bd3 Na6
9. O-O Nc7 10. a4 Na6 11. Re1 Nb4 12. Bb1 Re8 13. Bg5 h6 14. Bd2 b6 15. Qc1 Kh7
16. e5 dxe5 17. Nxe5 Re7 18. Nxf7 Rxf7 19. Bxg6+ Kg8 20. Bxh6 Re7 21. d6 Qxd6
22. Rd1 Nbd5 23. cxd5 exd5 24. Nb5 Qd8 25. Bg5 a6 26. Nc3 Bb7 27. Ne4 Qf8 28.
Nd6 Bc6 29. Qf4 Rd7 30. Nf5 Ne4 31. Qh4 Nxg5 32. Qxg5 Qf6 33. Qh5 d4 34. Ra3
Qe6 35. Rg3 Kf8 36. a5 Rad8 37. axb6 c4 38. Nxg7 Rxg7 39. Qh8+ Qg8 40. Qh4 Rd6
41. Qf4+ Ke7 42. Rxd4 Rxd4 43. Qe5+ 1-0

[Event "XXXIX Torneo di Capodanno"]
[Site "Reggio nell'Emilia ITA"]
[Date "1996.12.31"]
[Round "6"]
[White "Komarov, Dimitri"]
[Black "Godena, Michele"]
[Result "1/2-1/2"]
[WhiteElo "2595"]
[BlackElo "2550"]
[PlyCount "80"]
[EventDate "1996.12.26"]

1. d4 d5 2. c4 dxc4 3. Nf3 Nf6 4. e3 e6 5. Bxc4 c5 6. Qe2 a6 7. dxc5 Bxc5 8.
O-O Nbd7 9. e4 b5 10. Bd3 Bb7 11. a4 bxa4 12. Nc3 a3 13. bxa3 O-O 14. Bc4 Nh5
15. Bd2 Qc7 16. Rab1 Ra7 17. e5 Bxf3 18. Qxf3 g6 19. Be2 Nxe5 20. Qh3 Nf6 21.
Rbc1 Ned7 22. Na4 Qe5 23. Nxc5 Qxe2 24. Be3 Rc7 25. Bd4 Rfc8 26. Nxd7 Nxd7 27.
Rxc7 Rxc7 28. Qh4 Rc8 29. Qe7 Qb5 30. h4 e5 31. Be3 Qd5 32. Rb1 h5 33. Rb2 Nf8
34. Rb6 a5 35. a4 Rd8 36. Rb5 Qd1+ 37. Kh2 Qxa4 38. Rxe5 Qd7 39. Qxd7 Rxd7 40.
Rxa5 Ne6 1/2-1/2

[Event "XXXIX Torneo di Capodanno"]
[Site "Reggio nell'Emilia ITA"]
[Date "1996.12.31"]
[Round "6"]
[White "Krasenkow, Michal"]
[Black "Bologan, Viktor"]
[Result "1-0"]
[WhiteElo "2605"]
[BlackElo "2600"]
[PlyCount "69"]
[EventDate "1996.12.26"]

1. Nf3 Nf6 2. d4 g6 3. c4 Bg7 4. Nc3 O-O 5. e4 d6 6. Be2 e5 7. O-O Nc6 8. d5
Ne7 9. b4 Nh5 10. Re1 Nf4 11. Bf1 a5 12. bxa5 c5 13. a4 f5 14. Bxf4 exf4 15. e5
dxe5 16. Nxe5 Kh8 17. Nb5 Rxa5 18. Ra3 Bxe5 19. Rxe5 Nc6 20. Re2 Nb4 21. d6 Rf7
22. Qa1+ Kg8 23. Qe5 b6 24. Qxf4 Bd7 25. h4 Qf6 26. g3 Ra8 27. Bg2 Rd8 28. Nc7
Bc6 29. Re6 Qb2 30. Rae3 Rf6 31. Qh6 Rxe6 32. Nxe6 Re8 33. Bxc6 Qc1+ 34. Kg2
Rxe6 35. d7 1-0

[Event "XXXIX Torneo di Capodanno"]
[Site "Reggio nell'Emilia ITA"]
[Date "1996.12.31"]
[Round "6"]
[White "Mantovani, Renzo"]
[Black "Romanishin, Oleg M."]
[Result "1/2-1/2"]
[WhiteElo "2360"]
[BlackElo "2555"]
[PlyCount "83"]
[EventDate "1996.12.26"]

1. e4 c5 2. Nf3 g6 3. d4 Bg7 4. d5 Nf6 5. Nc3 d6 6. Bb5+ Bd7 7. a4 O-O 8. h3
Bxb5 9. axb5 Nbd7 10. O-O Nb6 11. Re1 Re8 12. Na4 a6 13. Nxb6 Qxb6 14. bxa6
Rxa6 15. Rxa6 Qxa6 16. c3 Nd7 17. Bf4 Ra8 18. e5 dxe5 19. Nxe5 Nxe5 20. Bxe5
Bxe5 21. Rxe5 Qa1 22. Qxa1 Rxa1+ 23. Kh2 Kf8 24. Re2 Ke8 25. c4 Kd7 26. Re3 Rc1
27. Rc3 Rxc3 28. bxc3 Kc7 29. Kg3 Kb6 30. Kf4 Ka5 31. Ke5 Ka4 32. d6 exd6+ 33.
Kxd6 b6 34. Kc6 Kb3 35. Kxb6 Kxc4 36. f4 Kxc3 37. Kxc5 Kd3 38. Kd5 Ke3 39. Ke5
Kf2 40. Kf6 Kxg2 41. Kxf7 Kxh3 42. Kg7 1/2-1/2

[Event "XXXIX Torneo di Capodanno"]
[Site "Reggio nell'Emilia ITA"]
[Date "1997.01.02"]
[Round "7"]
[White "Godena, Michele"]
[Black "Mantovani, Renzo"]
[Result "1/2-1/2"]
[WhiteElo "2550"]
[BlackElo "2360"]
[PlyCount "37"]
[EventDate "1996.12.26"]

1. e4 e6 2. d4 d5 3. exd5 exd5 4. Nf3 Nf6 5. Bg5 c6 6. Bd3 Be7 7. O-O O-O 8.
Re1 Re8 9. c3 Nbd7 10. Nbd2 Nf8 11. Qc2 Nh5 12. Nf1 Bxg5 13. Nxg5 g6 14. Rxe8
Qxe8 15. Qd2 Qd8 16. Re1 Bd7 17. Nf3 Qf6 18. Ne5 Be6 19. Re3 1/2-1/2

[Event "XXXIX Torneo di Capodanno"]
[Site "Reggio nell'Emilia ITA"]
[Date "1997.01.02"]
[Round "7"]
[White "Razuvaev, Yuri S."]
[Black "Krasenkow, Michal"]
[Result "1/2-1/2"]
[WhiteElo "2560"]
[BlackElo "2605"]
[PlyCount "52"]
[EventDate "1996.12.26"]

1. c4 e5 2. Nc3 Nf6 3. Nf3 Nc6 4. g3 d5 5. cxd5 Nxd5 6. Bg2 Nb6 7. O-O Be7 8.
a3 O-O 9. b4 Be6 10. Rb1 f6 11. d3 Nd4 12. Nxd4 exd4 13. Ne4 Ba2 14. Ra1 Bd5
15. Bb2 f5 16. Nd2 Bxg2 17. Kxg2 Qd5+ 18. Nf3 c5 19. bxc5 Bxc5 20. a4 Nd7 21.
Ba3 b6 22. Qd2 Kh8 23. Kg1 f4 24. Qa2 Qc6 25. Bxc5 bxc5 26. Rac1 fxg3 1/2-1/2

[Event "XXXIX Torneo di Capodanno"]
[Site "Reggio nell'Emilia ITA"]
[Date "1997.01.02"]
[Round "7"]
[White "Romanishin, Oleg M."]
[Black "Efimov, Igor"]
[Result "1/2-1/2"]
[WhiteElo "2555"]
[BlackElo "2510"]
[PlyCount "38"]
[EventDate "1996.12.26"]

1. d4 d6 2. g3 g6 3. Bg2 Bg7 4. Nc3 Nc6 5. Nf3 Nf6 6. d5 Nb4 7. e4 O-O 8. a3
Na6 9. O-O Nc5 10. Re1 a5 11. h3 e6 12. dxe6 Nxe6 13. Be3 Nd7 14. Nd4 Ne5 15.
b3 Nxd4 16. Bxd4 c5 17. Bxe5 Bxe5 18. Qd2 a4 19. bxa4 Qa5 1/2-1/2

[Event "XXXIX Torneo di Capodanno"]
[Site "Reggio nell'Emilia ITA"]
[Date "1997.01.02"]
[Round "7"]
[White "Tatai, Stefano"]
[Black "Belotti, Bruno"]
[Result "1-0"]
[WhiteElo "2375"]
[BlackElo "2400"]
[PlyCount "95"]
[EventDate "1996.12.26"]

1. e4 c5 2. Nf3 d6 3. d4 cxd4 4. Nxd4 Nf6 5. Nc3 a6 6. Bc4 e6 7. Bb3 Nc6 8. Be3
Qc7 9. Qe2 Na5 10. g4 b5 11. g5 b4 12. Nd5 Nxd5 13. exd5 Nxb3 14. cxb3 Bb7 15.
Nc6 Bxc6 16. Rc1 Qa5 17. dxc6 Be7 18. f4 O-O 19. O-O Rfc8 20. Qc2 Bd8 21. f5
Qe5 22. Qd3 Bc7 23. Rc2 Rab8 24. fxe6 fxe6 25. Bf4 Qb5 26. Qe4 Bb6+ 27. Kg2 e5
28. Bg3 Kh8 29. Rf7 Kg8 30. Rd7 Rf8 31. Qc4+ Qxc4 32. Rxc4 Bc5 33. Bxe5 Rf7 34.
Rxc5 dxe5 35. Rxe5 Rxd7 36. cxd7 Kf7 37. Kf3 Rd8 38. Rd5 Ke6 39. Ke4 g6 40. Kd4
Rxd7 41. Rxd7 Kxd7 42. Kd5 a5 43. a3 Ke7 44. axb4 axb4 45. Kc5 Ke6 46. Kxb4 Kf5
47. Kc5 Kxg5 48. b4 1-0

[Event "XXXIX Torneo di Capodanno"]
[Site "Reggio nell'Emilia ITA"]
[Date "1997.01.03"]
[Round "8"]
[White "Belotti, Bruno"]
[Black "Krasenkow, Michal"]
[Result "0-1"]
[WhiteElo "2400"]
[BlackElo "2605"]
[PlyCount "86"]
[EventDate "1996.12.26"]

1. e4 g6 2. d4 Bg7 3. Nc3 c6 4. f4 d5 5. e5 Nh6 6. Nf3 Bg4 7. h3 Bxf3 8. Qxf3
Qb6 9. Ne2 f6 10. g4 fxe5 11. fxe5 Na6 12. Qb3 Rf8 13. c3 Nc7 14. Nf4 Rf7 15.
Qc2 O-O-O 16. Be2 c5 17. Bd2 Rdf8 18. Rf1 g5 19. e6 Rxf4 20. Bxf4 gxf4 21. dxc5
Qxc5 22. O-O-O f3 23. Bd3 Nxe6 24. Bxh7 Ng5 25. h4 Nxh7 26. Qxh7 Qe3+ 27. Rd2
Rf7 28. Qg6 Qe4 29. Qh5 e6 30. g5 Qf4 31. Qg6 Re7 32. h5 Ng4 33. h6 Nxh6 34.
gxh6 Bxh6 35. Rff2 Qh4 36. Kc2 Bxd2 37. Rxf3 Qh2 38. Rf8+ Kd7 39. Ra8 Be3+ 40.
Kb3 Bc1 41. Qb1 Qd2 42. Rxa7 Kc7 43. Ra4 e5 0-1

[Event "XXXIX Torneo di Capodanno"]
[Site "Reggio nell'Emilia ITA"]
[Date "1997.01.03"]
[Round "8"]
[White "Efimov, Igor"]
[Black "Godena, Michele"]
[Result "1-0"]
[WhiteElo "2510"]
[BlackElo "2550"]
[PlyCount "75"]
[EventDate "1996.12.26"]

1. d4 d5 2. Nf3 Nf6 3. c4 dxc4 4. e3 e6 5. Bxc4 c5 6. O-O a6 7. Bb3 Nc6 8. Nc3
Be7 9. dxc5 Bxc5 10. Qxd8+ Kxd8 11. e4 Nd7 12. Bf4 Ke7 13. Rad1 f6 14. Na4 e5
15. Bd2 Ba7 16. Nc3 Nc5 17. Nd5+ Kf8 18. Bc2 Bg4 19. Rc1 Ne7 20. Bb4 Nxd5 21.
exd5 Kf7 22. Nd2 Rhd8 23. h3 Be2 24. Rfe1 Bb5 25. Bb1 Rac8 26. Bf5 Rc7 27. Nb3
b6 28. Nxc5 bxc5 29. Ba5 Bb8 30. Be6+ Ke7 31. Bxc7 Bxc7 32. Rxc5 Bb6 33. Rc2
Bd3 34. Rc6 Bd4 35. Rc7+ Kd6 36. Rec1 Bb5 37. b3 Bb6 38. R1c6+ 1-0

[Event "XXXIX Torneo di Capodanno"]
[Site "Reggio nell'Emilia ITA"]
[Date "1997.01.03"]
[Round "8"]
[White "Komarov, Dimitri"]
[Black "Razuvaev, Yuri S."]
[Result "1-0"]
[WhiteElo "2595"]
[BlackElo "2560"]
[PlyCount "59"]
[EventDate "1996.12.26"]

1. Nf3 Nf6 2. c4 e6 3. Nc3 Bb4 4. Qc2 O-O 5. a3 Bxc3 6. Qxc3 d5 7. b4 dxc4 8.
Qxc4 b6 9. Bb2 c6 10. g4 a5 11. g5 Nd5 12. Rg1 axb4 13. Qd4 f6 14. gxf6 Qxf6
15. Rxg7+ Kxg7 16. Qg4+ Kh8 17. Bxf6+ Rxf6 18. Ng5 Nd7 19. Nxe6 Rg6 20. Qd4+
N7f6 21. Nf4 Nxf4 22. Qxf4 bxa3 23. Qf3 Bg4 24. Qxc6 Rc8 25. Qa4 Re8 26. Rxa3
Bxe2 27. Re3 Rxe3 28. fxe3 Bxf1 29. Kxf1 h6 30. Qd4 1-0

[Event "XXXIX Torneo di Capodanno"]
[Site "Reggio nell'Emilia ITA"]
[Date "1997.01.03"]
[Round "8"]
[White "Tatai, Stefano"]
[Black "Romanishin, Oleg M."]
[Result "0-1"]
[WhiteElo "2375"]
[BlackElo "2555"]
[PlyCount "89"]
[EventDate "1996.12.26"]

1. e4 e5 2. Nf3 Nc6 3. Bb5 a6 4. Bxc6 dxc6 5. O-O Qd6 6. d3 Ne7 7. Nbd2 Ng6 8.
Nc4 Qf6 9. d4 exd4 10. Bg5 Qe6 11. Qxd4 f6 12. Bd2 Be7 13. Rfe1 O-O 14. Qc3 c5
15. a4 b6 16. Be3 Bb7 17. Nfd2 f5 18. exf5 Qxf5 19. f3 Kh8 20. Qd3 Qxd3 21.
cxd3 Rad8 22. Ra3 Bd5 23. Rb3 h6 24. Ne4 Bg8 25. Rc3 a5 26. Kf2 Rd5 27. g3 Rfd8
28. Rd1 Nf8 29. Ke2 Bh7 30. Rd2 Ne6 31. f4 Bf6 32. Nxf6 gxf6 33. g4 Nd4+ 34.
Kf2 Nc6 35. f5 Kg7 36. b3 Bg8 37. h3 R5d7 38. Na3 Nb4 39. Nc4 Nxd3+ 40. Ke2 Nb4
41. Rxd7+ Rxd7 42. Bd2 Bf7 43. Na3 Re7+ 44. Kd1 Re4 45. Nb5 0-1

[Event "XXXIX Torneo di Capodanno"]
[Site "Reggio nell'Emilia ITA"]
[Date "1997.01.04"]
[Round "9"]
[White "Godena, Michele"]
[Black "Tatai, Stefano"]
[Result "1/2-1/2"]
[WhiteElo "2550"]
[BlackElo "2375"]
[PlyCount "123"]
[EventDate "1996.12.26"]

1. e4 c5 2. c3 d6 3. d4 Nf6 4. Bd3 e5 5. Ne2 Be7 6. O-O O-O 7. h3 cxd4 8. cxd4
Nc6 9. d5 Nb4 10. Nbc3 Nxd3 11. Qxd3 Bd7 12. Be3 a6 13. a4 b5 14. axb5 axb5 15.
Na2 Qa5 16. Bd2 Qa6 17. Nec3 Rfc8 18. Nb4 Qb7 19. Bg5 Rc4 20. Nc6 Rxa1 21.
Nxe7+ Kf8 22. Rxa1 Kxe7 23. Be3 Qc8 24. Ra7 Rc7 25. Rxc7 Qxc7 26. b4 h6 27. f3
Qc8 28. Ne2 Qa6 29. Qc3 Qa4 30. Nc1 Qd1+ 31. Kf2 Ne8 32. Qd2 Qa4 33. g4 Nc7 34.
Nd3 Qb3 35. Nxe5 dxe5 36. d6+ Kd8 37. Bb6 Kc8 38. dxc7 Qe6 39. Qe3 Kb7 40. Ba5
Qc6 41. h4 Qd6 42. h5 Be6 43. Ke1 f6 44. Kf2 Ka6 45. Ke1 Kb7 46. Qc5 Qxc5 47.
bxc5 Kc6 48. Bb4 Bc8 49. Kd2 Be6 50. Kc3 Bc8 51. Ba5 Be6 52. Kb4 Bc8 53. Kc3
Be6 54. Kb4 Bc8 55. Kc3 Be6 56. Bb6 Bc8 57. Kb4 Be6 58. Kc3 Bc8 59. Kb4 Be6 60.
Ba5 Bc8 61. Bb6 Be6 62. Kc3 1/2-1/2

[Event "XXXIX Torneo di Capodanno"]
[Site "Reggio nell'Emilia ITA"]
[Date "1997.01.04"]
[Round "9"]
[White "Krasenkow, Michal"]
[Black "Komarov, Dimitri"]
[Result "1/2-1/2"]
[WhiteElo "2605"]
[BlackElo "2595"]
[PlyCount "25"]
[EventDate "1996.12.26"]

1. Nf3 Nf6 2. d4 d5 3. c4 c6 4. e3 Bf5 5. Nc3 e6 6. Bd3 Bxd3 7. Qxd3 Be7 8. O-O
Nbd7 9. e4 dxe4 10. Nxe4 Nxe4 11. Qxe4 Nf6 12. Qe2 Qc7 13. b3 1/2-1/2